Espionaje sideral /

La Agencia Central de Inteligencia de Estados Unidos ha aprovechado las nuevas tecnologías de la información, y sus satélites artificiales para continuar sus funciones de espionaje de las actividades de otras naciones.

Kaydedildi:
Detaylı Bibliyografya
Yazar: Sayenga, Kurt (autor)
Diğer Yazarlar: Sayenga, Kurt (guión) (guión), Hampton, Michael (música) (música)
Materyal Türü: Saydam/Asetat
Dil:İspanyolca
Baskı/Yayın Bilgisi: EUA : Discovery Channel : Arcwelder Films, 1996, c1996
México : Videovisa [distribución], fecha no identificada
Konular:
Etiketler: Etiketle
Etiket eklenmemiş, İlk siz ekleyin!

MARC

LEADER 00000ngm^a2200000^a^4500
001 000067961
005 20250521000000.0
009 20260310091312.65
037 |a Acervo ITESO - Biblioteca 
041 |a ESP 
082 |a 327. 1273  |b SAY 
100 |a Sayenga, Kurt  |e (autor) 
245 1 0 |a Espionaje sideral /  |c K. Sayenga. 
264 4 |a EUA :  |b Discovery Channel :  |b Arcwelder Films,  |c 1996, c1996 
264 4 |a México :  |b Videovisa [distribución],  |c fecha no identificada 
300 |a 1 videocasete VHS  |c (58 min.) 
336 |a imagen móvil bidimensional  |b tdi  |2 rdacontenido 
337 |a video  |b v  |2 rdamedio 
338 |a videocasete  |b vf  |2 rdasoporte 
500 |a Traducción de: Spies above 
520 |a La Agencia Central de Inteligencia de Estados Unidos ha aprovechado las nuevas tecnologías de la información, y sus satélites artificiales para continuar sus funciones de espionaje de las actividades de otras naciones. 
546 |a Doblaje al español 
649 |a XX 
650 |a Espionaje y Contraespionaje -  |z EUA 
650 |a Tecnologías de Comunicación e Información 
650 |a Satélites Artificiales 
650 |a Astronáutica 
650 |a Política Exterior -  |z EUA 
650 |a Relaciones Internacionales 
700 |a Sayenga, Kurt  |e (guión) 
700 |a Hampton, Michael  |e (música) 
910 |a Fondo General 
920 |a Audiovisuales - Videocasetes 
905 |a 301 
901 |a 0500022871  |b IT2  |c VIS  |u 20250521 
902 |a https://opac.biblio.iteso.mx/vufind/Record/000067961